| 000 | 01152cam a2200289 a 4500 | ||
|---|---|---|---|
| 001 | 82333 | ||
| 005 | 20230410102149.0 | ||
| 008 | 080908s2008 pr 000 j spa c | ||
| 035 | _a(OCoLC)ocn246740991 | ||
| 040 |
_aPBR _cPBR _dOUN _dCUY _dPIT _dIUL _dIXA |
||
| 020 | _a9780982071502 | ||
| 020 | _a0982071507 | ||
| 035 | _a(OCoLC)246740991 | ||
| 042 | _apcc | ||
| 050 | 1 | 4 |
_a118 PQ 7409 _bG216s 2008 |
| 100 | 1 | _aGarcía Cuevas, Eugenio de J. | |
| 245 | 1 | 0 |
_aSujetos y predicados : _b(el hijo de la mujer y diez cuentos más) / _cEugenio García Cuevas. |
| 260 |
_aSan Juan, P.R. : _bEditorial Isla Negra : _bEditorial Ultimo Arcano, _cc2008. |
||
| 300 |
_a89 p. ; _c21 cm. |
||
| 490 | 1 | _aColección El rostro y la máscara | |
| 505 | 0 | 0 |
_tHijo de la mujer -- _tLuna en El canal de la Mona -- _tHuyéndole al Sol -- _tAquella lengua -- _tMusina y el Hotel Roxy -- _tDominicano ese -- _tCirilo -- _tNaranjas amarillas en las calles -- _tTiempo de las ratas -- _tGuardianes -- _tTemprana muerte de las rosas. |
| 650 | 4 | _aLiteratura dominicana | |
| 830 | 0 | _aColección El rostro y la máscara. | |
| 942 |
_2lcc _cbk |
||
| 946 | _aPP | ||
| 994 |
_aC0 _bDRFGD |
||
| 999 |
_c20285 _d20285 |
||